Las artes plásticas en Centroamérica y el Caribe / (Record no. 10860)
[ view plain ]
| 000 -LEADER | |
|---|---|
| campo de control de longitud fija | 00773nam a2200241 i 4500 |
| 001 - NÚMERO DE CONTROL | |
| campo de control | 10860 |
| 003 - IDENTIFICADOR DE NÚMERO DE CONTROL | |
| campo de control | ES-MaACL |
| 005 - FECHA Y HORA DE LA ÚLTIMA TRANSACCIÓN | |
| campo de control | 20250811232014.0 |
| 007 - CAMPO FIJO DE DESCRIPCIÓN FÍSICA--INFORMACIÓN GENERAL | |
| campo de control de longitud fija | t| |
| 008 - DATOS DE LONGITUD FIJA--INFORMACIÓN GENERAL | |
| campo de control de longitud fija | 920109s1991 sp a |||| | spa j |
| 020 ## - NÚMERO INTERNACIONAL ESTÁNDAR DEL LIBRO | |
| Número Internacional Estándar del Libro | 84-7600-907-0 |
| 080 ## - NÚMERO DE LA CLASIFICACIÓN DECIMAL UNIVERSAL | |
| Número de la Clasificación Decimal Universal | 7.034/.036(728/729) |
| 100 1# - ENTRADA PRINCIPAL--NOMBRE DE PERSONA | |
| Nombre de persona | Gómez Piñol, Emilio. |
| 9 (RLIN) | 58116 |
| 245 14 - MENCIÓN DEL TÍTULO | |
| Título | Las artes plásticas en Centroamérica y el Caribe / |
| Mención de responsabilidad, etc. | Emilio Gómez Piñol. |
| 260 ## - PUBLICACIÓN, DISTRIBUCIÓN, ETC. | |
| Lugar de publicación, distribución, etc. | Torrejón de Ardoz : |
| Nombre del editor, distribuidor, etc. | Akal, |
| Fecha de publicación, distribución, etc. | D.L. 1991. |
| 300 ## - DESCRIPCIÓN FÍSICA | |
| Extensión | 63 p : |
| Otras características físicas | il. col. y n. ; |
| Dimensiones | 24 cm. |
| 490 1# - MENCIÓN DE SERIE | |
| Mención de serie | Akal Las Américas. Arte ; |
| Designación de volumen o secuencia | 39 |
| 650 #4 - PUNTO DE ACCESO ADICIONAL DE MATERIA--TÉRMINO DE MATERIA | |
| Término de materia o nombre geográfico como elemento de entrada | Arte- |
| Subdivisión geográfica | América central |
| 9 (RLIN) | 10070 |
| 650 17 - PUNTO DE ACCESO ADICIONAL DE MATERIA--TÉRMINO DE MATERIA | |
| Término de materia o nombre geográfico como elemento de entrada | Arte caribeño |
| Fuente del encabezamiento o término | embne |
| 9 (RLIN) | 168727 |
| 830 00 - PUNTO DE ACCESO ADICIONAL DE SERIE-TÍTULO UNIFORME | |
| Título uniforme | Akal. |
| Nombre de parte o sección de la obra | Las Américas |
| Designación de volumen o secuencia | 39 |
| 9 (RLIN) | 231693 |
| 852 ## - LOCALIZACIÓN | |
| Ubicación | ES-MaACL |
| Número de control de estantería | L-18195 |
| Estatus retirado | Estado de pérdida | Estado de daño | No para préstamo | Biblioteca de origen | Biblioteca actual | Ubicación en estantería | Fecha de adquisición | Fuente de adquisición | Total de préstamos | Signatura topográfica completa | Código de barras | Visto por última vez | Precio de reemplazo | Tipo de ítem Koha |
|---|---|---|---|---|---|---|---|---|---|---|---|---|---|---|
| Biblioteca del Ateneo de Madrid | Biblioteca del Ateneo de Madrid | Depósito 2 | 17/01/2008 | L-18195 | 1011078 | 23/02/2023 | 23/02/2023 | Libro impreso |
